000 00575nam a2200241 a 4500
001 nice12345678
003 IN_TiNIC
005 20260116012705.0
008 050524s1981 tria grp 000 0 eng
020 _a
_c15
082 0 0 _a201
_bAPR
100 _aAprem, Mar
245 _aStrange but True.
260 _aTrivandrum
_bMaryland Printers and Publisher
_c1981
300 _a228p
500 _aincludes index and biblioraphy
505 2 _aIll
650 _aChristian-Biography-India
700 1 _aAprem, Mar
902 _bSRS
942 _cBK
999 _c7965
_d7965